000 00663nam a2200217Ia 4500
001 8575
003 GE_BSU
008 181216s||||||||xx |||||||||||||| ||und||
040 _cGE_BSU
245 _aТеоретическая и математическая физика (Том 177) №2 2013
245 _bНоябрь
245 _cГл.ред.А.А.Логунов и др.
260 _aМосква
260 _bНаука
260 _c2013
300 _a352стр.24см.
653 _aПериодика
653 _aТеоретическая и математическая физика.
653 _aპერიოდიკა
942 _cCR
999 _c41891
_d41891